LEADER 00936nam0-22003011i-450- 001 990003061490403321 035 $a000306149 035 $aFED01000306149 035 $a(Aleph)000306149FED01 035 $a000306149 100 $a20000920d--------km-y0itay50------ba 101 0 $aita 102 $aIT 200 1 $aEconomic Trends and Macroeconomic Policies in Post-Revolutionary Iran$fM. Hashem Pesaran 225 1 $aDAE Working Paper$fDepartment of Applied Economics, University of Cambridge Serie azzurra$v9818 610 0 $aIran 610 0 $aMacroeconomia$aPolitica economica 676 $aF/1.312 676 $aN/1.4 702 1$aPesaran,$bMohammad Hashem$f<1946- > 801 0$aIT$bUNINA$gRICA$2UNIMARC 901 $aBK 912 $a990003061490403321 952 $aPaper$fSES 959 $aSES 996 $aEconomic Trends and Macroeconomic Policies in Post-Revolutionary Iran$9465543 997 $aUNINA DB $aING01 LEADER 00922nam0-22003371i-450 001 990001793950403321 005 20191121143849.0 010 $a88-7019-934-7 035 $a000179395 035 $aFED01000179395 035 $a(Aleph)000179395FED01 035 $a000179395 100 $a20021010d1995----km-y0itay50------ba 101 0 $aita 200 1 $aProtozoa$fFernando Dini, Pia Lucchesi, Guido Macchioni. 210 $aBologna$cEd. Calderini$d1995 215 $a92 p.$d24 cm 225 1 $aChecklist delle specie della fauna italiana$v1 610 0 $aProtozoa 676 $a593.1 700 1$aDini,$bFernando$078567 702 1$aLucchesi,$bPia 702 1$aMacchioni,$bGuido 801 0$aIT$bUNINA$gRICA$2UNIMARC 901 $aBK 912 $a990001793950403321 952 $a60 591 FAUITA 1995 (000-001)$b5540$fFAGBC 959 $aFAGBC 996 $aProtozoa$9408473 997 $aUNINA DB $aING01 LEADER 03392nam 2200661 450 001 9910788851103321 005 20170822144258.0 010 $a1-4704-0498-2 035 $a(CKB)3360000000465076 035 $a(EBL)3114227 035 $a(SSID)ssj0000888822 035 $a(PQKBManifestationID)11453145 035 $a(PQKBTitleCode)TC0000888822 035 $a(PQKBWorkID)10865492 035 $a(PQKB)11193317 035 $a(MiAaPQ)EBC3114227 035 $a(RPAM)15004282 035 $a(PPN)19541781X 035 $a(EXLCZ)993360000000465076 100 $a20070912h20082008 uy| 0 101 0 $aeng 135 $aur|n|---||||| 181 $ctxt 182 $cc 183 $acr 200 10$aClassical function theory, operator dilation theory, and machine computation on multiply-connected domains /$fJim Agler, John Harland, Benjamin J. Raphael 210 1$aProvidence, Rhode Island :$cAmerican Mathematical Society,$d[2008] 210 4$dİ2008 215 $a1 online resource (176 p.) 225 1 $aMemoirs of the American Mathematical Society,$x0065-9266 ;$vnumber 892 300 $a"Volume 191, number 892 (second of 5 numbers)." 311 $a0-8218-4046-0 320 $aIncludes bibliographical references (pages 157-159). 327 $a""Contents""; ""Preface""; ""Chapter 1. Generalizations of the Herglotz Representation Theorem, von Neumann's Inequality and the Sz.-Nagy Dilation Theorem to Multiply Connected Domains""; ""1.1. Introduction""; ""1.2. Preliminaries""; ""1.3. The First Herglotz Representation""; ""1.4. The Second Herglotz Representation""; ""1.5. The Third Herglotz Representation""; ""1.6. The Herglotz Representations and Operator Theory""; ""1.7. An Application""; ""Chapter 2. The Computational Generation of Counterexamples to the Rational Dilation Conjecture""; ""2.1. Introduction"" 327 $a""2.2. Mathematical Preliminaries""""2.3. Analysis of the Dilation Condition for Nonsingularly Hyperextremal Grammians""; ""2.4. Analysis of Dilation Extremal Grammians""; ""2.5. Algorithms""; ""2.6. A Computational Counterexample""; ""2.7. Plausibility Arguments""; ""Chapter 3. Arbitrary Precision Computations of the Poisson Kernel and Herglotz Kernels on Multiply-Connected Circle Domains""; ""3.1. Introduction""; ""3.2. Computation of the Functions""; ""3.3. Results""; ""Chapter 4. Schwartz Kernels on Multiply Connected Domains""; ""Appendix A. Convergence Results"" 327 $a""Appendix B. Example Inner Product Computation""""Bibliography"" 410 0$aMemoirs of the American Mathematical Society ;$vno. 892. 606 $aGeometric function theory 606 $aOperator theory 606 $aDilation theory (Operator theory) 606 $aFunctional analysis 606 $aAnalytic functions 615 0$aGeometric function theory. 615 0$aOperator theory. 615 0$aDilation theory (Operator theory) 615 0$aFunctional analysis. 615 0$aAnalytic functions. 676 $a515/.7 700 $aAgler$b Jim$066830 702 $aHarland$b John$f1959- 702 $aRaphael$b Benjamin J.$f1974- 801 0$bMiAaPQ 801 1$bMiAaPQ 801 2$bMiAaPQ 906 $aBOOK 912 $a9910788851103321 996 $aClassical function theory, operator dilation theory, and machine computation on multiply-connected domains$93836125 997 $aUNINA